Consumer perceptions and purchasing behavior toward processed food products in some selected areas of Dhaka district in Bangladesh / (Record no. 16001)
[ view plain ]
| 000 -LEADER | |
|---|---|
| fixed length control field | 01261nam a22002777a 4500 |
| 003 - CONTROL NUMBER IDENTIFIER | |
| control field | BD-DhSAU |
| 005 - DATE AND TIME OF LATEST TRANSACTION | |
| control field | 20220911111537.0 |
| 008 - FIXED-LENGTH DATA ELEMENTS--GENERAL INFORMATION | |
| fixed length control field | 171109b2021 bg ad||| |||| 001 0 eng d |
| 040 ## - CATALOGING SOURCE | |
| Original cataloging agency | BD-DhSAU |
| 082 ## - DEWEY DECIMAL CLASSIFICATION NUMBER | |
| Edition number | 22 |
| Classification number | 338.1 |
| Item number | Es33 |
| 100 ## - MAIN ENTRY--PERSONAL NAME | |
| Personal name | Esha, Mostarina Parvin |
| Relator term | Registration # 19-10096 |
| 245 ## - TITLE STATEMENT | |
| Title | Consumer perceptions and purchasing behavior toward processed food products in some selected areas of Dhaka district in Bangladesh / |
| Remainder of title | MS thesis |
| Statement of responsibility, etc. | Mostarina Parvin Esha |
| 260 ## - PUBLICATION, DISTRIBUTION, ETC. (IMPRINT) | |
| Place of publication, distribution, etc. | Sher-e-Bangla Agricultural University : |
| Name of publisher, distributor, etc. | Department of Agribusiness and Marketing, |
| Date of publication, distribution, etc. | June, 2021 |
| 300 ## - PHYSICAL DESCRIPTION | |
| Extent | x, 74 p. : |
| Other physical details | ill. , chart ; |
| Dimensions | 30 cm. |
| 500 ## - GENERAL NOTE | |
| General note | MS thesis of Department of Agribusiness and Marketing, Faculty of Agribusiness Management, Sher-e-Bangla Agricultural University, Dhaka, Bangladesh |
| 504 ## - BIBLIOGRAPHY, ETC. NOTE | |
| Bibliography, etc | Includes bibliographical reference. |
| 590 ## - Name of Cataloguer | |
| Name of Cataloger | Kobir |
| 650 ## - SUBJECT ADDED ENTRY--TOPICAL TERM | |
| Topical term or geographic name as entry element | Agribusiness and Marketing |
| 650 ## - SUBJECT ADDED ENTRY--TOPICAL TERM | |
| Topical term or geographic name as entry element | Consumer perception |
| 650 ## - SUBJECT ADDED ENTRY--TOPICAL TERM | |
| Topical term or geographic name as entry element | Purchasing behavior |
| 650 ## - SUBJECT ADDED ENTRY--TOPICAL TERM | |
| Topical term or geographic name as entry element | Processed food production |
| Geographic subdivision | Dhaka, Bangladesh |
| 700 ## - ADDED ENTRY--PERSONAL NAME | |
| Personal name | Anny, Sauda Afrin |
| Relator term | Supervisor |
| 700 ## - ADDED ENTRY--PERSONAL NAME | |
| Personal name | Dewan, Bisakha |
| Relator term | Co-Supervisor |
| 856 ## - ELECTRONIC LOCATION AND ACCESS | |
| Uniform Resource Identifier | <a href="http://archive.saulibrary.edu.bd:8080/xmlui/handle/123456789/4150">http://archive.saulibrary.edu.bd:8080/xmlui/handle/123456789/4150</a> |
| Link text | Online Access |
| 942 ## - ADDED ENTRY ELEMENTS (KOHA) | |
| Source of classification or shelving scheme | Dewey Decimal Classification |
| Koha item type | MS Level Thesis |
| Withdrawn status | Lost status | Source of classification or shelving scheme | Damaged status | Not for loan | Collection code | Home library | Branch Name | Shelving location | Date acquired | Total Checkouts | Full call number | Barcode | Date last seen | Price effective from | Koha item type |
|---|---|---|---|---|---|---|---|---|---|---|---|---|---|---|---|
| Dewey Decimal Classification | Not For Loan | Reference | SAU Library | SAU Library | Reference | 23/08/2022 | 338.1 Es33 | 43675 | 11/09/2022 | 11/09/2022 | MS Level Thesis |
